| 000 | 01088nam a2200205 i 4500 | ||
|---|---|---|---|
| 001 | 159364 | ||
| 003 | ES-MaACL | ||
| 005 | 20251013180628.0 | ||
| 008 | 000725s1881 sp af |||| | spa d | ||
| 040 |
_aCCPB | B _bspa _cCCPB | B |
||
| 245 | 0 | 0 |
_aMemorial de artillería _b: entrega estraordinaria : centenario de Calderon. |
| 260 |
_aMadrid : _b[s.n.], _c1881 ( _fimprenta de la viuda é hijo de D. E. Aguado) |
||
| 300 |
_a223 p., [4] h. de grab., [8] h. pleg. de grab. ; _c22 cm. |
||
| 505 | 8 | _aContiene: Don Pedro Calderon de la Barca y su tiempo / por el cor. cap. D. Arturo de Oliver Copons. Bibliografía artillera de España del siglo XVII / por el cor. D. Adolfo Carrasco. Bombas cilíndricas usadas en el siglo XVII / por el gen. D. Pedro de Lallave. Pláticas de artillería / de D. Diego Ufano | |
| 600 | 1 | 4 |
_aCalderón de la Barca, Pedro- _vAniversarios y centenarios _933612 |
| 650 | 0 | 4 |
_aArtillería- _zEspaña. _910354 |
| 700 | 1 |
_aCarrasco y Saiz del Campo, Adolfo, _d1830-1906 _935577 |
|
| 852 |
_aES-MaACL _jG-11180 _z-- Enc. hol. |
||
| 999 |
_c159364 _d159364 |
||